| 000 | 00437nam a22001697a 4500 | ||
|---|---|---|---|
| 005 | 20250825103919.0 | ||
| 008 | 250825b |||||||| |||| 00| 0 eng d | ||
| 020 | _a9789349482470 | ||
| 041 | _aEng | ||
| 082 | _a301/DUL | ||
| 245 | _aApplied Sociology & Psychology For B.Sc. Nursing Students | ||
| 260 |
_aJalan _bLotus Publishers _c2025 |
||
| 300 | _a559 P | ||
| 365 |
_aRs _b499 _cRs |
||
| 650 |
_aSociology _9119052 |
||
| 942 | _cCB | ||
| 999 |
_c367426 _d367426 |
||